[Event "World Blitz 2015"]
[Site "Berlin GER"]
[Date "2015.10.14"]
[Round "13.83"]
[White "Berend, Elvira"]
[Black "Rasmussen, Allan Stig"]
[Result "1/2-1/2"]
[WhiteTitle "WGM"]
[BlackTitle "GM"]
[WhiteElo "2370"]
[BlackElo "2498"]
[WhiteFideId "4000510"]
[BlackFideId "1406000"]
[EventDate "2015.10.13"]

1. d4 Nf6 2. c4 c5 3. e3 e6 4. Nc3 a6 5. Nf3 Be7 6. Be2 O-O 7. O-O cxd4 8. exd4
d5 9. Bg5 Nc6 10. Bxf6 Bxf6 11. cxd5 exd5 12. Qb3 Bxd4 13. Rad1 Bxc3 14. bxc3
Qf6 15. Rfe1 Rd8 16. Rxd5 Rxd5 17. Qxd5 Be6 18. Qd2 Rd8 19. Qb2 b5 20. Qa3 Bc8
21. Bf1 h6 22. Qc5 Bb7 23. Qb6 Rd7 24. Qc5 g6 25. h3 Re7 26. Rd1 Na5 27. Rd6 Re6
28. Rxe6 Qxe6 29. Qc7 Bxf3 30. Qd8+ Kg7 31. Qxa5 Bd5 32. a4 Bc4 33. Bxc4 bxc4
34. Qb4 Qe1+ 35. Kh2 Qe5+ 36. Kg1 Qd5 37. Kh2 Qe5+ 38. Kg1 Qf4 39. Qa5 Qc1+ 40.
Kh2 Qf4+ 41. Kg1 Qd6 42. g3 Kf6 43. Kg2 g5 44. g4 Qc6+ 45. Kg1 Qe6 46. Kf1 Kg7
47. Qc5 Qe4 48. Qa5 Qh1+ 49. Ke2 Qxh3 50. Qe5+ Kh7 51. Qf5+ Kg8 52. Qc8+ Kg7 53.
Qxc4 Qg2 54. Qd4+ Kg8 55. Qd8+ Kg7 56. Qd4+ Kg8 57. Qd8+ Kh7 58. Qd3+ Kg7 59.
Qd4+ Kh7 60. Qd3+ Kg8 61. Qd8+ Kg7 62. Qd4+ Kg6 63. Qd3+ Kf6 64. Qd6+ Kg7 65.
Qd4+ Kg8 66. Qd8+ Kg7 1/2-1/2

[Event "World Blitz 2015"]
[Site "Berlin GER"]
[Date "2015.10.14"]
[Round "13.84"]
[White "Shabalov, Alexander"]
[Black "Thiede, Lars"]
[Result "1-0"]
[WhiteTitle "GM"]
[BlackTitle "IM"]
[WhiteElo "2522"]
[BlackElo "2437"]
[WhiteFideId "2008572"]
[BlackFideId "4607759"]
[EventDate "2015.10.13"]

1. Nf3 Nf6 2. d4 g6 3. Nc3 Bg7 4. e4 d6 5. Be2 O-O 6. O-O Nc6 7. Be3 e5 8. dxe5
Nxe5 9. Nd4 Re8 10. h3 Bd7 11. Qd2 Nc6 12. Bd3 Ne5 13. f4 Nxd3 14. cxd3 c6 15.
Rae1 d5 16. e5 Nh5 17. Bf2 Bh6 18. Nce2 Rxe5 19. Nf3 Rxe2 20. Qxe2 Nxf4 21. Qd1
Bf5 22. Ne5 f6 23. Ng4 Bg7 24. Bd4 Ne6 25. Rxe6 Bxe6 26. Nxf6+ Bxf6 27. Rxf6 Qe7
28. Qe2 Re8 29. Qe5 Bc8 30. Re6 1-0

[Event "World Blitz 2015"]
[Site "Berlin GER"]
[Date "2015.10.14"]
[Round "13.85"]
[White "Shchekachev, Andrei"]
[Black "Ben Artzi, Ido"]
[Result "1-0"]
[WhiteTitle "GM"]
[BlackTitle "IM"]
[WhiteElo "2531"]
[BlackElo "2419"]
[WhiteFideId "4107730"]
[BlackFideId "2810913"]
[EventDate "2015.10.13"]

1. Nf3 Nf6 2. c4 g6 3. Nc3 d5 4. Qa4+ Bd7 5. Qb3 dxc4 6. Qxc4 Bg7 7. e4 O-O 8.
e5 Ne8 9. d4 c5 10. Qxc5 Nc6 11. Be2 Rc8 12. Qa3 Bg4 13. Be3 Nc7 14. Rd1 Nd5 15.
O-O Kh8 16. h3 Bxf3 17. Bxf3 Nxc3 18. bxc3 Na5 19. Bg5 f6 20. exf6 exf6 21. Bf4
b6 22. Rfe1 Rf7 23. d5 Bf8 24. d6 Nc4 25. Qb3 Rd7 26. Bd5 Na5 27. Qa4 Nb7 28.
Bxb7 Rxb7 29. d7 1-0

[Event "World Blitz 2015"]
[Site "Berlin GER"]
[Date "2015.10.14"]
[Round "13.86"]
[White "Olafsson, Helgi"]
[Black "Vogel, Roven"]
[Result "1-0"]
[WhiteTitle "GM"]
[WhiteElo "2549"]
[BlackElo "2417"]
[WhiteFideId "2300010"]
[BlackFideId "12908088"]
[EventDate "2015.10.13"]

1. Nf3 g6 2. d4 Bg7 3. e4 d6 4. c3 Bg4 5. Bg5 Nd7 6. Nbd2 Ngf6 7. Bd3 O-O 8. h3
Bxf3 9. Nxf3 e5 10. O-O h6 11. Bh4 Qe8 12. Re1 Nh5 13. Bf1 g5 14. Bg3 Nxg3 15.
fxg3 exd4 16. Nxd4 Qe5 17. Nf5 Rfe8 18. Qh5 Qf6 19. Bc4 Ne5 20. Bb3 Kh7 21. Rf1
Qg6 22. Qe2 a5 23. a4 Ra6 24. Rf2 Rb6 25. Ba2 f6 26. Raf1 Bh8 27. Ne3 c6 28. Nf5
Rd8 29. h4 Ra6 30. Nd4 Raa8 31. Be6 Qe8 32. Rxf6 Bxf6 33. Rxf6 Qe7 34. Rxh6+
Kxh6 35. Nf5+ Kg6 36. Nxe7+ Kf6 37. Nf5 Kxe6 38. Qh5 Rg8 39. Qh7 Nf7 40. Nd4+
Ke7 41. Nf5+ Kf6 42. h5 Rae8 43. Ne3 Rg7 44. Ng4+ 1-0

[Event "World Blitz 2015"]
[Site "Berlin GER"]
[Date "2015.10.14"]
[Round "13.87"]
[White "Bruedigam, Martin"]
[Black "Valdes Romero, Leonardo"]
[Result "0-1"]
[WhiteTitle "FM"]
[BlackTitle "IM"]
[WhiteElo "2375"]
[BlackElo "2362"]
[WhiteFideId "24608033"]
[BlackFideId "6500331"]
[EventDate "2015.10.13"]

1. e4 d6 2. d4 Nf6 3. Nc3 g6 4. Be3 c6 5. Qd2 b5 6. f3 Bg7 7. a4 b4 8. Nce2 Qa5
9. c3 bxc3 10. Qxc3 Qd8 11. Qd2 Nbd7 12. Nc3 Qa5 13. Bd3 Rb8 14. Nge2 O-O 15.
O-O Qb4 16. Rab1 c5 17. Qd1 Bb7 18. Bb5 a6 19. Na2 Qa5 20. Bc4 cxd4 21. b4 Qc7
22. Qxd4 Ng4 23. Qd3 Nxe3 24. Rfc1 Nxc4 25. Rxc4 Qb6+ 26. Kh1 Ne5 0-1

[Event "World Blitz 2015"]
[Site "Berlin GER"]
[Date "2015.10.14"]
[Round "13.88"]
[White "Camacho Collados, Jose"]
[Black "Pavlovic, Milos"]
[Result "1-0"]
[WhiteTitle "IM"]
[BlackTitle "GM"]
[WhiteElo "2383"]
[BlackElo "2481"]
[WhiteFideId "2265427"]
[BlackFideId "900389"]
[EventDate "2015.10.13"]

1. Nf3 Nf6 2. g3 b6 3. Bg2 Bb7 4. O-O g6 5. c4 Bg7 6. Nc3 O-O 7. Re1 Ne4 8. Nxe4
Bxe4 9. d3 Bb7 10. Rb1 a5 11. b3 d6 12. Bb2 e5 13. a3 Nd7 14. b4 axb4 15. axb4
Ra7 16. Qb3 Qe7 17. Ra1 Rfa8 18. Rxa7 Rxa7 19. h4 Nf6 20. Ra1 Rxa1+ 21. Bxa1 Ng4
22. Qa4 e4 23. Nh2 exd3 24. Bxb7 dxe2 25. Qa8+ Bf8 26. Nxg4 e1=Q+ 27. Kg2 Q7e2
28. Nh6# 1-0

[Event "World Blitz 2015"]
[Site "Berlin GER"]
[Date "2015.10.14"]
[Round "13.89"]
[White "Lagunow, Raphael"]
[Black "Choukri, Adel"]
[Result "0-1"]
[BlackTitle "CM"]
[WhiteElo "2164"]
[BlackElo "2199"]
[WhiteFideId "24652644"]
[BlackFideId "9000399"]
[EventDate "2015.10.13"]

1. e4 e6 2. b3 d5 3. Bb2 Nf6 4. e5 Nfd7 5. f4 c5 6. Qg4 Nc6 7. Nf3 b6 8. Na3 Ne7
9. Bd3 g6 10. Qh3 a6 11. O-O-O Bb7 12. g4 b5 13. c3 c4 14. Bc2 Nc6 15. f5 cxb3
16. Bxb3 Qa5 17. Nc2 O-O-O 18. Ng5 Ncxe5 19. fxe6 fxe6 20. Nxe6 Re8 21. Nxf8
Rhxf8 22. Rhf1 Nc4 23. Qxh7 Qb6 24. Nd4 Nde5 25. Rxf8 Rxf8 26. Qe7 Qf6 27. Qc5+
Kb8 28. Kb1 Nd3 29. Qxf8+ Qxf8 30. Bc1 Nxc1 31. Rxc1 Nxd2+ 32. Kb2 Ne4 0-1

[Event "World Blitz 2015"]
[Site "Berlin GER"]
[Date "2015.10.14"]
[Round "13.90"]
[White "Carstensen, Jacob"]
[Black "Przybylski, Wojciech"]
[Result "1/2-1/2"]
[WhiteTitle "IM"]
[BlackTitle "FM"]
[WhiteElo "2352"]
[BlackElo "2354"]
[WhiteFideId "1404180"]
[BlackFideId "1117599"]
[EventDate "2015.10.13"]

1. d4 d5 2. c4 c6 3. Nf3 Nf6 4. Nc3 e6 5. g3 Nbd7 6. Bg2 Bd6 7. O-O O-O 8. Qd3
dxc4 9. Qxc4 e5 10. dxe5 Nxe5 11. Nxe5 Bxe5 12. Bf4 Qe7 13. Bxe5 Qxe5 14. e4 Be6
15. Qb4 Qc7 16. h3 a5 17. Qc5 Nd7 18. Qe3 a4 19. Rac1 Qb6 20. Qe2 Ne5 21. Qc2
Rfd8 22. Nxa4 Qa7 23. b3 b5 24. Nc5 Qxa2 25. Qc3 Ng6 26. Nxe6 fxe6 27. Rc2 Qa3
28. e5 Rac8 29. Kh2 Qa6 30. b4 Ne7 31. Rfc1 Nd5 32. Qd4 Qb7 33. Qg4 Qd7 34. Rd2
Rf8 35. f4 Qe7 36. Qd1 Qxb4 37. Rdc2 c5 38. Bxd5 exd5 39. Qxd5+ Kh8 40. Rxc5
Rcd8 41. Qe4 Rd2+ 42. Kh1 Qb2 43. R5c2 Rxc2 44. Qxc2 Qd4 45. Rd1 Qe3 46. Rd3
Qe1+ 47. Kg2 Qe4+ 48. Kf2 g5 49. Qc5 Rg8 50. Qd4 Qf5 51. e6+ Rg7 52. Qe5 Qxe5
53. fxe5 Re7 54. Rd5 Rxe6 55. Rxb5 Kg7 56. Kf3 Rc6 57. Kg4 h6 58. Kf5 Rc7 59.
Rb6 Rf7+ 60. Rf6 Ra7 61. Rg6+ Kh7 62. Rb6 Kg7 63. Rg6+ Kh7 64. Rd6 Rf7+ 65. Rf6
Ra7 66. h4 gxh4 67. gxh4 Kg7 68. h5 Ra1 69. Rg6+ Kf7 70. Rxh6 Rf1+ 71. Kg4 Rg1+
72. Kf3 Re1 73. Rf6+ Ke7 74. Kg4 Rxe5 75. Rf3 Re1 76. Kg5 Rg1+ 77. Kh6 Rg2 78.
Kh7 Rg1 79. h6 Rg2 80. Kh8 Rg1 81. Rf5 Rg2 82. Ra5 Kf7 83. Ra7+ Kf8 84. Rg7 Rh2
85. h7 Rf2 86. Rg8+ Kf7 87. Ra8 Rf1 88. Ra5 Rf2 89. Rg5 Rf1 90. Rg7+ Kf8 1/2-1/2

[Event "World Blitz 2015"]
[Site "Berlin GER"]
[Date "2015.10.14"]
[Round "13.91"]
[White "Thornton, Giovanni Antonio"]
[Black "Hovhannisyan, Mher"]
[Result "0-1"]
[BlackTitle "IM"]
[WhiteElo "2207"]
[BlackElo "2499"]
[WhiteFideId "4300963"]
[BlackFideId "13300865"]
[EventDate "2015.10.13"]

1. c4 c6 2. Nc3 d5 3. e3 Nf6 4. Nf3 a6 5. b3 b5 6. cxd5 cxd5 7. Bb2 Bb7 8. d4 e6
9. Bd3 Nbd7 10. O-O Bd6 11. Rc1 O-O 12. Qe2 Ne4 13. Nd2 f5 14. f4 Rc8 15. Nf3
Qa5 16. Bxe4 dxe4 17. Ne5 Nxe5 18. fxe5 Bb4 19. a3 Bxc3 20. b4 Bxb4 21. axb4
Qxb4 22. Ra1 Qb3 23. Ba3 Rc2 24. Qh5 Qxe3+ 25. Kh1 Rfc8 26. Bc5 Qe2 27. Qg5 e3
28. Rg1 Qg4 29. Qxg4 fxg4 30. Rae1 e2 31. h4 gxh3 32. Kh2 Bxg2 33. Kg3 h6 34.
Kf4 Rc7 35. Ke3 Rf7 36. Rxe2 Rxe2+ 37. Kxe2 h2 0-1

[Event "World Blitz 2015"]
[Site "Berlin GER"]
[Date "2015.10.14"]
[Round "13.92"]
[White "Wendt, Jan-Dietrich"]
[Black "Cordeiro, Marco Aurelio Zaror"]
[Result "0-1"]
[WhiteTitle "FM"]
[WhiteElo "2332"]
[BlackElo "2228"]
[WhiteFideId "4623797"]
[BlackFideId "2117991"]
[EventDate "2015.10.13"]

1. Nf3 Nf6 2. c4 e6 3. g3 d5 4. d4 c5 5. cxd5 exd5 6. Bg2 Nc6 7. O-O Bg4 8. Ne5
Bd7 9. Nxd7 Qxd7 10. dxc5 Bxc5 11. Nc3 d4 12. Ne4 Nxe4 13. Bxe4 O-O 14. Bf4 Rfe8
15. Qd3 g6 16. Rac1 Bb6 17. Rfd1 Nb4 18. Qb1 Nxa2 19. Rc4 a5 20. Bf3 Nb4 21. e3
Qe6 22. Rcxd4 Bxd4 23. Rxd4 Qb6 24. Rd6 Qb5 25. Rd7 Qxd7 0-1

[Event "World Blitz 2015"]
[Site "Berlin GER"]
[Date "2015.10.14"]
[Round "13.93"]
[White "Hilverda, Alexander"]
[Black "Zepeda, Lorena"]
[Result "1-0"]
[BlackTitle "WIM"]
[WhiteElo "2384"]
[BlackElo "2106"]
[WhiteFideId "4695437"]
[BlackFideId "6700233"]
[EventDate "2015.10.13"]

1. d4 Nf6 2. Nf3 g6 3. Bf4 Bg7 4. e3 O-O 5. h3 d6 6. Be2 Nbd7 7. O-O c5 8. c3 a6
9. Nbd2 b5 10. a4 Rb8 11. axb5 axb5 12. Bh2 Bb7 13. Nb3 c4 14. Nbd2 Ra8 15. Qc2
Qb6 16. e4 Rxa1 17. Rxa1 Ra8 18. Rxa8+ Bxa8 19. Bf4 Qa7 20. Be3 d5 21. e5 Ne8
22. Ng5 Nc7 23. Bg4 h6 24. Nxf7 Kxf7 25. Bxd7 e6 26. Nf3 g5 27. Qh7 Qb8 28. Bxg5
Qg8 29. Qxg8+ Kxg8 30. Bd8 Na6 31. Bxe6+ Kf8 32. Bb6 Nb8 33. Bc7 Nc6 34. Bxd5
Bb7 35. Bd6+ Ke8 36. Nh4 Bf8 37. Nf5 Na5 38. Bxb7 Nxb7 39. Bxf8 Kxf8 40. Nxh6
Na5 41. d5 Nb3 42. d6 Nc5 43. Nf5 Kf7 44. Nd4 Nd3 45. e6+ Ke8 46. d7+ 1-0

[Event "World Blitz 2015"]
[Site "Berlin GER"]
[Date "2015.10.14"]
[Round "13.94"]
[White "Sawlin, Leonid"]
[Black "Koehler, Gerhard2"]
[Result "1-0"]
[WhiteElo "2258"]
[BlackElo "2173"]
[WhiteFideId "4689542"]
[BlackFideId "12909700"]
[EventDate "2015.10.13"]

1. e4 c5 2. Nf3 e6 3. d4 cxd4 4. Nxd4 a6 5. Bd3 Qc7 6. Nc3 Nc6 7. Nb3 Nf6 8. O-O
Be7 9. f4 d6 10. Qf3 O-O 11. Bd2 Bd7 12. Rae1 Rac8 13. Qg3 Rfe8 14. e5 Nd5 15.
Nxd5 exd5 16. f5 Bf8 17. f6 g6 18. exd6 Bxd6 19. Qh4 Ne5 20. Re3 Nxd3 21. Rxd3
Qxc2 22. Rxd5 Qc6 23. Rh5 Re4 24. Qg5 Bf8 25. Bc3 Re2 26. Nd4 Qb6 27. Kh1 Re4
28. Qd5 Bc6 1-0

[Event "World Blitz 2015"]
[Site "Berlin GER"]
[Date "2015.10.14"]
[Round "14.6"]
[White "Tomashevsky, Evgeny"]
[Black "Vovk, Yuri"]
[Result "1-0"]
[WhiteTitle "GM"]
[BlackTitle "GM"]
[WhiteElo "2758"]
[BlackElo "2617"]
[WhiteFideId "4147235"]
[BlackFideId "14113171"]
[EventDate "2015.10.13"]

1. c4 e5 2. Nc3 Nf6 3. Nf3 Nc6 4. g3 d5 5. cxd5 Nxd5 6. Bg2 Nb6 7. O-O Be7 8. d3
O-O 9. Be3 Re8 10. Rc1 Bf8 11. a3 Bf5 12. Na4 Nd5 13. Bc5 Bg4 14. Bxf8 Kxf8 15.
e3 Rb8 16. Qb3 Kg8 17. Qc4 Nf6 18. Nc5 Qe7 19. Nxb7 Rxb7 20. Qxc6 Rxb2 21. Qxc7
Bxf3 22. Qxe7 Rxe7 23. Bxf3 Rb3 24. Rc8+ Re8 25. Rfc1 Kf8 26. a4 Rxd3 27. Rxe8+
Kxe8 28. Rc7 e4 29. Be2 Rd2 30. Bb5+ Kf8 31. h3 a5 32. Ra7 Nd5 33. Rxa5 Nc3 34.
Bc4 Rd7 35. Ra8+ Ke7 36. a5 Rc7 37. Bf1 Rc5 38. a6 Nd5 39. Rb8 Ra5 40. Rb7+ Kf6
41. Bc4 Nc3 42. Rxf7+ Kg6 43. Rb7 Ra4 44. Bf1 Ra1 45. Rc7 Nd5 46. Rd7 Nc3 47.
Rc7 Nd5 48. Rc5 Nb4 49. Rb5 Nd3 50. Rb6+ Kf7 51. Rb7+ Kf6 52. a7 Ra2 53. Bxd3
exd3 54. Rd7 d2 55. Kg2 Rxa7 56. Rxd2 g5 57. Rd4 Ra2 58. h4 h6 59. Rd6+ Kg7 60.
hxg5 hxg5 61. g4 Ra4 62. Kg3 Ra1 63. f4 Re1 64. Kf3 Ra1 65. Rd5 gxf4 66. exf4
Kf6 67. Rd6+ Kf7 68. g5 Ra4 69. Kg4 Kg7 70. Rd5 Rb4 71. Kf5 Rb7 72. Ra5 Rf7+ 73.
Kg4 Rb7 74. f5 Rb1 75. Ra7+ Kf8 76. Kh5 Rb5 77. f6 Rb8 78. Kg6 Kg8 79. Rg7+ Kf8
80. Rh7 1-0

[Event "World Blitz 2015"]
[Site "Berlin GER"]
[Date "2015.10.14"]
[Round "14.7"]
[White "Bruzon Batista, Lazaro"]
[Black "Ghaem Maghami, Ehsan"]
[Result "1/2-1/2"]
[WhiteTitle "GM"]
[BlackTitle "GM"]
[WhiteElo "2659"]
[BlackElo "2596"]
[WhiteFideId "3503739"]
[BlackFideId "12500739"]
[EventDate "2015.10.13"]

1. e4 e5 2. Nf3 Nc6 3. Bb5 a6 4. Ba4 Nf6 5. Nc3 d6 6. O-O b5 7. Bb3 Na5 8. h3
Be7 9. d3 O-O 10. Ne2 Nxb3 11. axb3 h6 12. Ng3 Be6 13. d4 exd4 14. Nxd4 Re8 15.
Nxe6 fxe6 16. Qe2 Qd7 17. Rd1 Qc6 18. c3 Rf8 19. Kh1 Rf7 20. b4 Nd7 21. Be3 Ne5
22. Bd4 Raf8 23. f3 Ng6 24. Be3 Bf6 1/2-1/2

[Event "World Blitz 2015"]
[Site "Berlin GER"]
[Date "2015.10.14"]
[Round "14.11"]
[White "Fridman, Daniel"]
[Black "Leko, Peter"]
[Result "1/2-1/2"]
[WhiteTitle "GM"]
[BlackTitle "GM"]
[WhiteElo "2649"]
[BlackElo "2707"]
[WhiteFideId "11600454"]
[BlackFideId "703303"]
[EventDate "2015.10.13"]

1. Nf3 Nf6 2. c4 c5 3. Nc3 Nc6 4. d4 cxd4 5. Nxd4 e6 6. a3 Be7 7. e4 O-O 8. Be2
d5 9. exd5 exd5 10. O-O Nxd4 11. Qxd4 Be6 12. cxd5 Nxd5 13. Nxd5 Qxd5 14. Qxd5
Bxd5 15. Be3 Bf6 16. Rad1 Bc6 17. b4 a6 18. Rd2 Rfd8 19. Rfd1 Rxd2 20. Rxd2 Rd8
21. Rxd8+ 1/2-1/2

[Event "World Blitz 2015"]
[Site "Berlin GER"]
[Date "2015.10.14"]
[Round "14.12"]
[White "Vitiugov, Nikita"]
[Black "Korobov, Anton"]
[Result "0-1"]
[WhiteTitle "GM"]
[BlackTitle "GM"]
[WhiteElo "2725"]
[BlackElo "2700"]
[WhiteFideId "4152956"]
[BlackFideId "14105730"]
[EventDate "2015.10.13"]

1. Nf3 Nf6 2. g3 b6 3. Bg2 Bb7 4. O-O e6 5. d4 Be7 6. c4 O-O 7. Re1 Na6 8. Nc3
Ne4 9. Bf4 Nxc3 10. bxc3 Be4 11. Bf1 Bxf3 12. exf3 c6 13. Bd3 Nc7 14. a4 Bg5 15.
Bxg5 Qxg5 16. a5 bxa5 17. f4 Qf6 18. Qh5 g6 19. Qxa5 Rfc8 20. Reb1 Qd8 21. Rb7
a6 22. h4 h5 23. Qe5 Rab8 24. Rab1 Rxb7 25. Rxb7 Ne8 26. Ra7 Ra8 27. Rxa8 Qxa8
28. Qa5 Qb8 29. Qxa6 Nf6 30. Qa3 Kg7 31. Kg2 Qb7 32. c5 Qb8 33. Qb4 Qa7 34. Qb2
Qa5 35. Kg1 Nd5 36. c4 Qe1+ 37. Kg2 Nf6 38. Qe2 Qc3 39. Qe3 Ng4 40. Qe4 f5 41.
Qe2 Qxd4 42. Bc2 Qxc5 43. Qd2 Kh6 44. Bd1 Qxc4 45. Bxg4 hxg4 46. Qb2 Qd5+ 47.
Kh2 e5 48. Qb8 Kg7 49. fxe5 c5 50. Qd8 Qe6 51. Qc7 c4 52. Kg1 Kf7 53. Qc5 Qc6
54. Qa3 c3 55. Qb3+ Ke7 56. Qc2 Ke6 57. Kh2 Kxe5 58. Qe2+ Kf6 59. Qe3 c2 60.
Qg5+ Kf7 61. Qc1 d5 62. h5 gxh5 0-1

[Event "World Blitz 2015"]
[Site "Berlin GER"]
[Date "2015.10.14"]
[Round "14.13"]
[White "Cheparinov, Ivan"]
[Black "Melkumyan, Hrant"]
[Result "0-1"]
[WhiteTitle "GM"]
[BlackTitle "GM"]
[WhiteElo "2681"]
[BlackElo "2622"]
[WhiteFideId "2905540"]
[BlackFideId "13302485"]
[EventDate "2015.10.13"]

1. d4 Nf6 2. c4 c5 3. d5 b5 4. cxb5 a6 5. bxa6 g6 6. Nc3 Bg7 7. e4 O-O 8. Be2
Qa5 9. Bd2 Bxa6 10. e5 Ne8 11. Nf3 d6 12. e6 fxe6 13. Ng5 Bxe2 14. Nxe2 Qa4 15.
Qxa4 Rxa4 16. Nxe6 Rf7 17. Nxg7 Nxg7 18. O-O Nf5 19. Nc3 Rd4 20. Rfd1 Na6 21.
Be3 Rb4 22. Rd2 Rf8 23. Re1 Nc7 24. h3 h5 25. Bg5 Kf7 26. a3 Rd4 27. Rde2 Nxd5
28. Nxd5 Rxd5 29. Bxe7 Re8 30. Bg5 Rxe2 31. Rxe2 Nd4 32. Re7+ Kf8 33. Rd7 Rxg5
34. Rxd6 Ke7 35. Rb6 Ne2+ 36. Kf1 Nf4 37. g3 Nxh3 38. a4 c4 39. Rc6 Rf5 40. f4
g5 41. Kg2 g4 42. Rxc4 Rd5 43. b4 Rd2+ 44. Kf1 Rf2+ 45. Ke1 Ra2 46. b5 h4 47.
Rc3 Ra1+ 48. Kd2 Ra2+ 49. Kc1 Ng1 50. Re3+ Kd6 51. gxh4 Nf3 52. Kb1 Rxa4 53. h5
Rxf4 54. h6 Rf7 55. Rc3 g3 56. Rc6+ Ke5 57. Rg6 Kf4 58. Rg7 Rf5 59. h7 Rxb5+ 60.
Kc2 Rh5 61. Rf7+ Kg4 62. Rg7+ Ng5 0-1

[Event "World Blitz 2015"]
[Site "Berlin GER"]
[Date "2015.10.14"]
[Round "14.15"]
[White "Dreev, Aleksey"]
[Black "Kravtsiv, Martyn"]
[Result "1/2-1/2"]
[WhiteTitle "GM"]
[BlackTitle "GM"]
[WhiteElo "2644"]
[BlackElo "2621"]
[WhiteFideId "4100107"]
[BlackFideId "14113147"]
[EventDate "2015.10.13"]

1. d4 d5 2. c4 e6 3. Nc3 Be7 4. cxd5 exd5 5. Bf4 Nf6 6. e3 O-O 7. Bd3 c5 8. Nge2
Nc6 9. dxc5 Bxc5 10. O-O a6 11. Rc1 h6 12. Bg3 Be7 13. Bb1 Be6 14. Nf4 Bg4 15.
f3 Be6 16. Bf2 Rc8 17. Nxe6 fxe6 18. Ne2 Bd6 19. a3 Bb8 20. Re1 Qd6 21. Bg3 Qe7
22. Bxb8 Rxb8 23. Nf4 Rfd8 24. Qb3 Rbc8 25. Red1 Na5 26. Qd3 Nc4 27. Qe2 b5 28.
h3 e5 29. Ng6 Qf7 30. b3 Nxa3 31. Rxc8 Rxc8 32. Bf5 Rc3 33. Nxe5 Qe7 34. f4 Rxb3
35. Bg6 Nc4 36. Bf7+ Kh7 37. Bg6+ Kg8 38. Bf7+ Kh7 39. Bg6+ Kg8 40. Bf7+ Kh8 1/2-1/2

[Event "World Blitz 2015"]
[Site "Berlin GER"]
[Date "2015.10.14"]
[Round "14.16"]
[White "Edouard, Romain"]
[Black "Bartel, Mateusz"]
[Result "1-0"]
[WhiteTitle "GM"]
[BlackTitle "GM"]
[WhiteElo "2636"]
[BlackElo "2622"]
[WhiteFideId "633429"]
[BlackFideId "1112635"]
[EventDate "2015.10.13"]

1. Nf3 d5 2. b3 Nf6 3. Bb2 g6 4. c4 dxc4 5. bxc4 Bg7 6. g3 O-O 7. Bg2 c5 8. O-O
Nc6 9. d3 Rb8 10. Nc3 b6 11. e3 Bb7 12. Qe2 e6 13. Rfd1 Qe7 14. Rac1 Rfd8 15. d4
Na5 16. Ba3 Nd7 17. Nb5 a6 18. Nc3 Rbc8 19. Na4 Bc6 20. Nc3 Qe8 21. d5 exd5 22.
cxd5 Bb7 23. e4 b5 24. Bb2 Nc4 25. Ba1 Nd6 26. Re1 Ne5 27. Nxe5 Bxe5 28. f4 Bd4+
29. Kh1 Nc4 30. a4 Ne3 31. axb5 axb5 32. Bf3 b4 33. Na2 Qa4 34. Qd2 Bxa1 35.
Rxa1 Nc2 36. Bd1 b3 37. Bxc2 bxc2 38. Nc3 Qd4 39. Qxc2 Ra8 40. Rad1 Qc4 41. Qd3
Qxd3 42. Rxd3 Ra3 43. Rde3 c4 44. Kg2 f5 45. exf5 gxf5 46. Kh3 Rb3 47. Re7 Rxc3
48. Rxb7 Rd3 49. Ree7 R3xd5 50. Rg7+ Kf8 51. Rxh7 Kg8 52. Rbg7+ Kf8 53. Rc7 Kg8
54. Rh6 Rd4 55. Rg6+ Kh8 56. Rh6+ Kg8 57. Rg6+ Kh8 58. Rgc6 R8d6 59. Rxd6 Rxd6
60. Rxc4 Kg7 61. Kh4 Kg6 62. h3 Ra6 63. g4 Rf6 64. Rb4 Rc6 65. Rb5 fxg4 66. hxg4
Rc1 67. Rb6+ Kg7 68. Kg5 Rd1 69. Rb7+ Kf8 70. f5 1-0

[Event "World Blitz 2015"]
[Site "Berlin GER"]
[Date "2015.10.14"]
[Round "14.18"]
[White "Movsesian, Sergei"]
[Black "Vallejo Pons, Francisco"]
[Result "1-0"]
[WhiteTitle "GM"]
[BlackTitle "GM"]
[WhiteElo "2658"]
[BlackElo "2684"]
[WhiteFideId "310204"]
[BlackFideId "2205530"]
[EventDate "2015.10.13"]

1. Nf3 f5 2. g3 g6 3. Bg2 Bg7 4. d3 e5 5. e4 fxe4 6. dxe4 Nc6 7. O-O d6 8. Nc3
Nf6 9. Bg5 h6 10. Be3 g5 11. Nd5 O-O 12. h4 g4 13. Nh2 Qd7 14. Qd2 Kh7 15. Rad1
b6 16. c3 Ba6 17. Rfe1 Rf7 18. a4 Raf8 19. b4 Bc8 20. Qd3 Kh8 21. a5 Ne7 22.
Nxf6 Rxf6 23. axb6 axb6 24. c4 Nc6 25. Qd2 Nd4 26. Qa2 c5 27. bxc5 bxc5 28. Rb1
Qf7 29. Rb6 Be6 30. Rxd6 Bxc4 31. Rxf6 Bxa2 32. Rxf7 Rxf7 33. Nxg4 c4 34. Nxh6
Rc7 35. Ra1 Bb3 36. Nf5 c3 37. f4 c2 38. Kf2 Kh7 39. Nxg7 Kxg7 40. fxe5 Be6 41.
Bxd4 c1=Q 42. Rxc1 Rxc1 43. Bf3 Rb1 44. g4 Rb4 45. Be3 Bd7 46. Bd2 Ra4 47. Ke3
Ra2 48. Bb4 Rh2 49. Be7 Kf7 50. Bf6 Ra2 51. Kf4 Ra4 52. h5 Be6 53. g5 Ke8 54. g6
Kd7 55. h6 Ra1 56. h7 1-0

[Event "World Blitz 2015"]
[Site "Berlin GER"]
[Date "2015.10.14"]
[Round "14.20"]
[White "Inarkiev, Ernesto"]
[Black "Kasimdzhanov, Rustam"]
[Result "0-1"]
[WhiteTitle "GM"]
[BlackTitle "GM"]
[WhiteElo "2660"]
[BlackElo "2704"]
[WhiteFideId "4162722"]
[BlackFideId "14200244"]
[EventDate "2015.10.13"]

1. d4 d5 2. c4 dxc4 3. e3 Nf6 4. Bxc4 e6 5. Nf3 a6 6. O-O c5 7. dxc5 Qxd1 8.
Rxd1 Bxc5 9. Nbd2 b6 10. Be2 Bb7 11. Nc4 Bd5 12. Bd2 Nbd7 13. b4 Be7 14. Nd4 O-O
15. a4 g6 16. f3 e5 17. Nb3 Rfc8 18. Rdc1 Rc7 19. e4 Be6 20. Be1 Rac8 21. Ncd2
Rxc1 22. Rxc1 Rxc1 23. Nxc1 Bxb4 24. Bxa6 Nc5 25. Bb5 Bd7 26. Na2 Ba5 27. Kf1
Nxa4 28. Bc4 b5 29. Be2 Nc5 30. Nc1 Kf8 31. Bf2 Ne6 32. Ndb3 Bc3 33. Nd3 Ke7 34.
Bh4 g5 35. Bg3 Nf4 36. Ndc5 Bc6 37. Bf2 Nxe2 38. Kxe2 b4 39. Kd3 Bb5+ 40. Ke3 h5
41. h4 g4 42. Bg3 Bf1 43. Kf2 Bc4 44. Ke3 Nd7 45. f4 Nxc5 46. Nxc5 Bd4+ 0-1

[Event "World Blitz 2015"]
[Site "Berlin GER"]
[Date "2015.10.14"]
[Round "14.22"]
[White "Anand, Viswanathan"]
[Black "Zvjaginsev, Vadim"]
[Result "1-0"]
[WhiteTitle "GM"]
[BlackTitle "GM"]
[WhiteElo "2803"]
[BlackElo "2660"]
[WhiteFideId "5000017"]
[BlackFideId "4113403"]
[EventDate "2015.10.13"]

1. e4 e6 2. d4 d5 3. Nc3 Nf6 4. e5 Nfd7 5. f4 c5 6. Nf3 Nc6 7. Be3 a6 8. Qd2 Qc7
9. dxc5 Bxc5 10. Bxc5 Nxc5 11. O-O-O O-O 12. Qe3 b6 13. Bd3 Nxd3+ 14. Rxd3 Na5
15. b3 Bb7 16. Nd4 Rac8 17. Kb1 b5 18. Qh3 b4 19. Nce2 Kh8 20. g4 Nc6 21. Qh4
Qe7 22. g5 f5 23. Rh3 h6 24. Rg1 Nxd4 25. Nxd4 Rc3 26. gxh6 g5 27. fxg5 1-0